[Event "FSIM-A 2010.08"]
[Site "Budapest HUN"]
[Date "2010.08.08"]
[Round "2"]
[White "Nguyen Thi Mai, Hung"]
[Black "Kaufman, Raymond"]
[Result "1/2-1/2"]
[WhiteElo "2240"]
[BlackElo "2333"]
[PlyCount "34"]
[GameId "2129405076681001"]
[EventDate "2010.08.07"]
[EventType "tourn"]
[EventRounds "9"]
[EventCountry "HUN"]
[EventCategory "1"]

1. d4 Nf6 2. Bf4 d5 3. e3 c5 4. dxc5 g6 5. Nf3 Bg7 6. Nc3 O-O 7. Be2 Qa5 8. O-O Qxc5 9. Nb5 Nh5 10. Be5 Bxe5 11. Nxe5 Nc6 12. Nf3 Bg4 13. Nbd4 Nxd4 14. Nxd4 Bxe2 15. Qxe2 Rac8 16. Rac1 Rfd8 17. Rfd1 Nf6 1/2-1/2

[Event "FSIM-A 2010.08"]
[Site "Budapest HUN"]
[Date "2010.08.09"]
[Round "3"]
[White "Kaufman, Raymond"]
[Black "Lengyel, Bela"]
[Result "0-1"]
[WhiteElo "2333"]
[BlackElo "2251"]
[PlyCount "70"]
[GameId "2129405076681004"]
[EventDate "2010.08.07"]
[EventType "tourn"]
[EventRounds "9"]
[EventCountry "HUN"]
[EventCategory "1"]

1. d4 d5 2. c4 e6 3. Nc3 Nf6 4. cxd5 exd5 5. Bg5 Be7 6. e3 c6 7. Qc2 Nbd7 8. Bd3 O-O 9. Nge2 Re8 10. O-O Nf8 11. f3 g6 12. Rae1 Ne6 13. Bh4 b6 14. Kh1 Bb7 15. Rd1 Rc8 16. e4 dxe4 17. fxe4 Ng4 18. Bf2 Nxf2+ 19. Rxf2 Nxd4 20. Nxd4 Qxd4 21. Ba6 Qxf2 22. Qxf2 Bxa6 23. Rd7 Bc4 24. e5 Rcd8 25. Rxd8 Rxd8 26. b3 Be6 27. h3 Kg7 28. Qf4 Rd3 29. Ne4 c5 30. Nd6 Rd4 31. Qf3 Bg5 32. Ne8+ Kh6 33. Nd6 Bd5 34. Qg3 Rd1+ 35. Kh2 Rf1 0-1

[Event "FSIM-A 2010.08"]
[Site "Budapest HUN"]
[Date "2010.08.11"]
[Round "5"]
[White "Privitera, Franco"]
[Black "Kaufman, Raymond"]
[Result "0-1"]
[WhiteElo "2131"]
[BlackElo "2333"]
[PlyCount "76"]
[GameId "2129405076681016"]
[EventDate "2010.08.07"]
[EventType "tourn"]
[EventRounds "9"]
[EventCountry "HUN"]
[EventCategory "1"]

1. d4 Nf6 2. c4 g6 3. Nc3 d5 4. cxd5 Nxd5 5. e4 Nxc3 6. bxc3 Bg7 7. Nf3 c5 8. Bb5+ Nc6 9. d5 Qa5 10. Rb1 Bxc3+ 11. Bd2 a6 12. Ba4 b5 13. dxc6 bxa4 14. Qc2 Bxd2+ 15. Nxd2 O-O 16. O-O Be6 17. Nc4 Bxc4 18. Qxc4 Rac8 19. Rb7 e6 20. Rd1 Rxc6 21. h4 Rd8 22. Rxd8+ Qxd8 23. Qxa4 Rb6 24. Rxb6 Qxb6 25. h5 Kg7 26. Qe8 Qc7 27. h6+ Kxh6 28. Qf8+ Kg5 29. Qg7 h5 30. e5 Qe7 31. Qh8 Kf5 32. Qb8 Qd7 33. Qh8 Qe7 34. Qb8 c4 35. Qc8 Qb4 36. g3 Kxe5 37. Qd8 c3 38. Qg5+ f5 0-1

[Event "FSIM-A 2010.08"]
[Site "Budapest HUN"]
[Date "2010.08.12"]
[Round "6"]
[White "Kaufman, Raymond"]
[Black "Lyell, Mark"]
[Result "1-0"]
[WhiteElo "2333"]
[BlackElo "2162"]
[PlyCount "73"]
[GameId "2129405076681018"]
[EventDate "2010.08.07"]
[EventType "tourn"]
[EventRounds "9"]
[EventCountry "HUN"]
[EventCategory "1"]

1. d4 Nf6 2. c4 e6 3. g3 c6 4. Bg2 d5 5. Nf3 Be7 6. O-O O-O 7. Qc2 Na6 8. a3 Bd7 9. Nbd2 c5 10. dxc5 Nxc5 11. Ne5 Rc8 12. b4 Ba4 13. Qa2 Ncd7 14. Bb2 Nxe5 15. Bxe5 Nd7 16. Bb2 dxc4 17. Nxc4 Nb6 18. Na5 Rc2 19. Rac1 Rxe2 20. Qa1 Bf6 21. Bxf6 Qxf6 22. Qxf6 gxf6 23. Nxb7 Rc8 24. Rc5 Rc2 25. Ra5 Bc6 26. Bxc6 R2xc6 27. Rb1 Rc1+ 28. Rxc1 Rxc1+ 29. Kg2 Rc7 30. Nd6 Rd7 31. Ne8 Re7 32. Nxf6+ Kg7 33. Ne4 f5 34. Nc3 Kf6 35. Rc5 Rd7 36. a4 Rd4 37. Rc6 1-0

[Event "FSIM-A 2010.08"]
[Site "Budapest HUN"]
[Date "2010.08.15"]
[Round "9"]
[White "Hardicsay, Peter"]
[Black "Kaufman, Raymond"]
[Result "1/2-1/2"]
[WhiteElo "2271"]
[BlackElo "2333"]
[PlyCount "22"]
[GameId "2129405076681035"]
[EventDate "2010.08.07"]
[EventType "tourn"]
[EventRounds "9"]
[EventCountry "HUN"]
[EventCategory "1"]
[SourceTitle "The Week in Chess 824"]
[Source "Mark Crowther"]
[SourceDate "2010.08.23"]
[SourceVersion "1"]
[SourceVersionDate "2010.08.23"]
[SourceQuality "2"]

1. c4 c5 2. Nf3 Nc6 3. Nc3 g6 4. e3 Nf6 5. d4 cxd4 6. exd4 d5 7. Bg5 Ne4 8. cxd5 Nxc3 9. bxc3 Qxd5 10. Qb3 Qxb3 11. axb3 Bg7 1/2-1/2

[Event "Czech GM op"]
[Site "Pardubice CZE"]
[Date "2010.07.24"]
[Round "2"]
[White "Kasparov, Sergey"]
[Black "Kaufman, Raymond"]
[Result "1-0"]
[WhiteElo "2492"]
[BlackElo "2333"]
[PlyCount "71"]
[GameId "2129405077177637"]
[EventDate "2010.07.23"]
[EventType "swiss"]
[EventRounds "9"]
[EventCountry "CZE"]
[SourceTitle "The Week in Chess 820"]
[Source "Mark Crowther"]
[SourceDate "2010.07.26"]
[SourceVersion "1"]
[SourceVersionDate "2010.07.26"]
[SourceQuality "2"]

1. e4 c6 2. d4 d5 3. Nc3 dxe4 4. Nxe4 Bf5 5. Ng3 Bg6 6. N1e2 e6 7. Nf4 Bd6 8. h4 Qc7 9. Nxg6 hxg6 10. Ne4 Bf4 11. g3 Bxc1 12. Qxc1 Nf6 13. Ng5 c5 14. dxc5 Qc6 15. Rg1 Qxc5 16. Qf4 O-O 17. O-O-O Nc6 18. Bd3 Rac8 19. Kb1 Ne5 20. c3 Rfd8 21. Be2 b5 22. Ne4 Nxe4 23. Qxe4 a5 24. Qe3 Qxe3 25. fxe3 b4 26. cxb4 axb4 27. Rxd8+ Rxd8 28. Kc2 Kf8 29. Rf1 Ke7 30. Rf4 Rb8 31. Kb3 Nc6 32. Bf3 Ne5 33. Bg2 Nd3 34. Rc4 Rb6 35. Rc7+ Kf6 36. Kc4 1-0

[Event "Czech Rapid op"]
[Site "Pardubice CZE"]
[Date "2010.07.21"]
[Round "4"]
[White "Chernyshov, Konstantin"]
[Black "Kaufman, Raymond"]
[Result "1-0"]
[WhiteElo "2578"]
[BlackElo "2333"]
[PlyCount "57"]
[GameId "2129405077240538"]
[EventDate "2010.07.21"]
[EventType "swiss (rapid)"]
[EventRounds "9"]
[EventCountry "CZE"]
[SourceTitle "The Week in Chess 820"]
[Source "Mark Crowther"]
[SourceDate "2010.07.26"]
[SourceVersion "1"]
[SourceVersionDate "2010.07.26"]
[SourceQuality "2"]

1. d4 d5 2. Bf4 Nf6 3. e3 Bf5 4. Nd2 e6 5. c4 Nbd7 6. Rc1 dxc4 7. Bxc4 Bd6 8. Bg3 Bxg3 9. hxg3 O-O 10. Ngf3 c5 11. O-O cxd4 12. Nxd4 Ne5 13. Qb3 Qb6 14. Nxf5 exf5 15. Qxb6 axb6 16. Bb3 Rfd8 17. Nc4 Nd3 18. Rc2 b5 19. Nb6 Ra6 20. Rd1 Kf8 21. Rc8 Rxc8 22. Nxc8 Rc6 23. Na7 Rc1 24. Rxc1 Nxc1 25. Nxb5 Nxb3 26. axb3 Ne4 27. f3 Nd2 28. Nd4 g6 29. Kf2 1-0

[Event "Leiden LCT"]
[Site "Leiden NED"]
[Date "2010.07.11"]
[Round "3"]
[White "Kaufman, Raymond"]
[Black "Nikolic, Predrag"]
[Result "0-1"]
[WhiteElo "2333"]
[BlackElo "2592"]
[PlyCount "82"]
[GameId "2129405077634237"]
[EventDate "2010.07.09"]
[EventType "swiss"]
[EventRounds "9"]
[EventCountry "NED"]
[SourceTitle "The Week in Chess 818"]
[Source "Mark Crowther"]
[SourceDate "2010.07.12"]
[SourceVersion "1"]
[SourceVersionDate "2010.07.12"]
[SourceQuality "2"]

1. d4 d5 2. c4 dxc4 3. e4 Nf6 4. e5 Nd5 5. Bxc4 Nb6 6. Bd3 Nc6 7. Be3 Be6 8. Nc3 Bd5 9. Nxd5 Qxd5 10. Nf3 Nb4 11. Be2 Qd7 12. O-O e6 13. Ng5 Be7 14. Ne4 O-O-O 15. Rc1 Kb8 16. a3 N4d5 17. b4 c6 18. Qb3 f5 19. Nc5 Bxc5 20. bxc5 Nxe3 21. fxe3 Nd5 22. Rb1 Ka8 23. Bf3 Rb8 24. Rfc1 Rhc8 25. e4 Nc7 26. Qa4 Rd8 27. Rc4 g5 28. exf5 exf5 29. Rxb7 Rxb7 30. Bxc6 Qe6 31. Rb4 Rdb8 32. Rb1 g4 33. d5 Nxd5 34. Qb5 Qxc6 35. Qxc6 Ne7 36. Qe6 Rxb1+ 37. Kf2 R1b7 38. Ke3 Rd8 39. Kf4 Rc7 40. Kg5 Rd5 41. c6 Rc5 0-1

[Event "Leiden LCT"]
[Site "Leiden NED"]
[Date "2010.07.13"]
[Round "5"]
[White "Kaufman, Raymond"]
[Black "Blom, Vincent"]
[Result "1-0"]
[WhiteElo "2333"]
[BlackElo "2089"]
[PlyCount "45"]
[GameId "2129405077634255"]
[EventDate "2010.07.09"]
[EventType "swiss"]
[EventRounds "9"]
[EventCountry "NED"]
[SourceTitle "The Week in Chess 819"]
[Source "Mark Crowther"]
[SourceDate "2010.07.19"]
[SourceVersion "1"]
[SourceVersionDate "2010.07.19"]
[SourceQuality "2"]

1. d4 d6 2. Nf3 Nf6 3. c4 g6 4. Nc3 Bg7 5. Bg5 h6 6. Bh4 O-O 7. e3 Nh7 8. Qc2 Nc6 9. O-O-O a5 10. a3 Bd7 11. d5 Na7 12. Bd3 c6 13. Kb1 Rc8 14. Nd4 Be8 15. f4 b5 16. dxc6 bxc4 17. Bxg6 fxg6 18. Ne6 Qb6 19. Nd5 Qb8 20. Nxe7+ Kh8 21. Nxg7 Rc7 22. Nxe8 Rxe7 23. Bxe7 1-0

[Event "Leiden LCT"]
[Site "Leiden NED"]
[Date "2010.07.15"]
[Round "6"]
[White "Porat, Maya"]
[Black "Kaufman, Raymond"]
[Result "0-1"]
[WhiteElo "2175"]
[BlackElo "2333"]
[PlyCount "170"]
[GameId "2129405077634272"]
[EventDate "2010.07.09"]
[EventType "swiss"]
[EventRounds "9"]
[EventCountry "NED"]
[SourceTitle "The Week in Chess 819"]
[Source "Mark Crowther"]
[SourceDate "2010.07.19"]
[SourceVersion "1"]
[SourceVersionDate "2010.07.19"]
[SourceQuality "2"]

1. d4 Nf6 2. c4 g6 3. Nc3 d5 4. cxd5 Nxd5 5. e4 Nxc3 6. bxc3 Bg7 7. Nf3 c5 8. Rb1 O-O 9. Be2 b6 10. O-O Bb7 11. Qd3 Ba6 12. Qe3 Qd7 13. Bxa6 Nxa6 14. Qe2 Qa4 15. Rb3 cxd4 16. cxd4 Nb4 17. Ba3 Nc6 18. d5 Na5 19. Rd3 Rfe8 20. Rb1 Rac8 21. Rb4 Qd7 22. Rb1 Nc4 23. Bb4 Qa4 24. e5 Nxe5 25. Nxe5 Bxe5 26. Ra3 Qxb4 27. Rxb4 Rc1+ 28. Qf1 Rxf1+ 29. Kxf1 Bd6 30. Rba4 Bxa3 31. Rxa3 a5 32. Rb3 Rd8 33. Rxb6 Rxd5 34. Ra6 Kg7 35. Ke2 g5 36. Ke3 h5 37. a4 e6 38. f3 Rc5 39. Kd3 Kg6 40. g3 Rc1 41. Rxa5 Rh1 42. Rc5 Rxh2 43. Rc2 Rh1 44. Ra2 h4 45. gxh4 gxh4 46. Ke3 Kf5 47. a5 h3 48. a6 h2 49. Re2 Ra1 50. Rxh2 Rxa6 51. Rh5+ Kg6 52. Rb5 f6 53. Kf4 Ra4+ 54. Kg3 e5 55. Rb6 Kg5 56. Rb5 Ra3 57. Rc5 Rd3 58. Ra5 Kf5 59. Rb5 Ke6 60. Rb6+ Rd6 61. Rb8 f5 62. Rf8 Rd2 63. Re8+ Kf6 64. Rf8+ Kg6 65. Re8 Re2 66. Ra8 f4+ 67. Kh3 Rf2 68. Ra3 Kf5 69. Rb3 Ke6 70. Ra3 Kd5 71. Ra5+ Kd4 72. Ra4+ Ke3 73. Ra3+ Ke2 74. Kg4 Kf1 75. Ra4 Re2 76. Ra1+ Kf2 77. Ra5 e4 78. Kxf4 e3 79. Kg4 Rd2 80. Re5 e2 81. f4 Rd3 82. Rxe2+ Kxe2 83. f5 Rf3 84. Kg5 Ke3 85. f6 Ke4 0-1

[Event "Leiden LCT"]
[Site "Leiden NED"]
[Date "2010.07.16"]
[Round "7"]
[White "Van den Doel, Erik"]
[Black "Kaufman, Raymond"]
[Result "1-0"]
[WhiteElo "2591"]
[BlackElo "2333"]
[PlyCount "63"]
[GameId "2129405077634282"]
[EventDate "2010.07.09"]
[EventType "swiss"]
[EventRounds "9"]
[EventCountry "NED"]
[SourceTitle "The Week in Chess 819"]
[Source "Mark Crowther"]
[SourceDate "2010.07.19"]
[SourceVersion "1"]
[SourceVersionDate "2010.07.19"]
[SourceQuality "2"]

1. e4 c6 2. d4 d5 3. Nc3 dxe4 4. Nxe4 Bf5 5. Ng3 Bg6 6. h4 h6 7. Nf3 Nd7 8. h5 Bh7 9. Bd3 Bxd3 10. Qxd3 e6 11. Bd2 Ngf6 12. O-O-O Be7 13. Kb1 O-O 14. Nf1 c5 15. g4 Nxg4 16. Qe2 Ndf6 17. Rg1 cxd4 18. Bc1 Qd5 19. Nxd4 Qe5 20. Qf3 Rad8 21. Ne3 Nxe3 22. Bxe3 Qe4 23. Qxe4 Nxe4 24. Bxh6 Kh7 25. Bxg7 Rg8 26. h6 Bf6 27. c3 Bxg7 28. hxg7 Rd5 29. Rg4 Nxf2 30. Rh4+ Kxg7 31. Rf1 Nd3 32. Nxe6+ 1-0

[Event "Leiden LCT"]
[Site "Leiden NED"]
[Date "2010.07.17"]
[Round "8"]
[White "Kaufman, Raymond"]
[Black "Lalith, Babu MR"]
[Result "1-0"]
[WhiteElo "2333"]
[BlackElo "2502"]
[PlyCount "69"]
[GameId "2129405077634289"]
[EventDate "2010.07.09"]
[EventType "swiss"]
[EventRounds "9"]
[EventCountry "NED"]
[SourceTitle "The Week in Chess 819"]
[Source "Mark Crowther"]
[SourceDate "2010.07.19"]
[SourceVersion "1"]
[SourceVersionDate "2010.07.19"]
[SourceQuality "2"]

1. d4 Nf6 2. c4 e6 3. Nf3 b6 4. a3 Bb7 5. Nc3 d5 6. cxd5 Nxd5 7. e3 g6 8. Bb5+ c6 9. Bd3 Bg7 10. O-O O-O 11. Na4 Nd7 12. e4 Ne7 13. Bg5 h6 14. Be3 Kh7 15. h4 f5 16. h5 f4 17. hxg6+ Nxg6 18. e5 fxe3 19. fxe3 Bh8 20. Qc2 Rg8 21. g3 Ndf8 22. Nh4 Qg5 23. Kh2 h5 24. Rf7+ Rg7 25. Raf1 Kh6 26. R7f6 Rg8 27. Nc3 c5 28. Be4 Ba6 29. Nxg6 Bxf1 30. Nxh8+ Kg7 31. Bxa8 Kxh8 32. Ne4 Qxe3 33. Rxf1 Nh7 34. Bc6 cxd4 35. Qf2 1-0

[Event "Chicago op"]
[Site "Wheeling USA"]
[Date "2010.05.28"]
[Round "3"]
[White "Vojinovic, Goran"]
[Black "Kaufman, Raymond"]
[Result "1/2-1/2"]
[WhiteElo "2447"]
[BlackElo "2286"]
[PlyCount "94"]
[GameId "2129405078798718"]
[EventDate "2010.05.27"]
[EventType "swiss"]
[EventRounds "9"]
[EventCountry "USA"]
[SourceTitle "The Week in Chess 812"]
[Source "Mark Crowther"]
[SourceDate "2010.05.31"]
[SourceVersion "1"]
[SourceVersionDate "2010.05.30"]
[SourceQuality "2"]

1. d4 Nf6 2. Nf3 d5 3. c4 e6 4. g3 Bb4+ 5. Bd2 Be7 6. Bg2 O-O 7. O-O c6 8. Qb3 Nbd7 9. Bb4 a5 10. Bxe7 Qxe7 11. Nbd2 e5 12. dxe5 Nxe5 13. Nxe5 Qxe5 14. cxd5 cxd5 15. Rfe1 Be6 16. Nf3 Qd6 17. Nd4 a4 18. Qa3 Qb6 19. e3 Ng4 20. b3 axb3 21. Qxb3 Qxb3 22. axb3 Ne5 23. Rec1 Nd3 24. Rd1 Nb4 25. e4 Bg4 26. f3 Bd7 27. Rxa8 Rxa8 28. exd5 Nxd5 29. f4 Bc6 30. Nxc6 bxc6 31. Bxd5 cxd5 32. Rxd5 Kf8 33. h4 Ra2 34. Kf1 Ke7 35. Re5+ Kf6 36. Re2 Ra3 37. Re3 Ra2 38. Re2 Ra3 39. Rb2 Kf5 40. Kg2 Kg4 41. Kh2 Kf3 42. b4 Ra6 43. b5 Rb6 44. Rb3+ Ke4 45. Kg2 Kd4 46. Kf3 Kc4 47. Re3 Kxb5 1/2-1/2

[Event "Chicago op"]
[Site "Wheeling USA"]
[Date "2010.05.29"]
[Round "4"]
[White "Kaufman, Raymond"]
[Black "Gerzhoy, Leonid"]
[Result "1/2-1/2"]
[WhiteElo "2286"]
[BlackElo "2469"]
[PlyCount "120"]
[GameId "2129405078798729"]
[EventDate "2010.05.27"]
[EventType "swiss"]
[EventRounds "9"]
[EventCountry "USA"]
[SourceTitle "The Week in Chess 812"]
[Source "Mark Crowther"]
[SourceDate "2010.05.31"]
[SourceVersion "1"]
[SourceVersionDate "2010.05.30"]
[SourceQuality "2"]

1. d4 Nf6 2. c4 d6 3. Nf3 Nbd7 4. Nc3 e5 5. Bg5 Be7 6. e3 O-O 7. Qc2 h6 8. Bh4 exd4 9. Nxd4 Nd5 10. Bxe7 Nxe7 11. Be2 Nc6 12. O-O Nxd4 13. exd4 Nf6 14. b4 Re8 15. Rfe1 c6 16. Rad1 d5 17. cxd5 cxd5 18. Bf3 Rxe1+ 19. Rxe1 Be6 20. Qd2 Rc8 21. g3 Qc7 22. Rc1 Qb6 23. Nxd5 Rxc1+ 24. Qxc1 Nxd5 25. Bxd5 Qxb4 26. Bxe6 fxe6 27. Qc8+ Kf7 28. Qc7+ Kg6 29. Qc2+ Kf6 30. Qe4 Qb5 31. h4 Qd5 32. Qf4+ Qf5 33. Qd2 Qe4 34. Qb4 Kg6 35. Qa4 a6 36. Qe8+ Kh7 37. h5 b5 38. Kh2 b4 39. Kg1 a5 40. Qa4 Qb1+ 41. Kg2 Qe4+ 42. Kg1 Qb1+ 43. Kg2 Qf5 44. Qe8 Qe4+ 45. Kg1 Qc2 46. Qxe6 a4 47. f4 Qd1+ 48. Kg2 Qxh5 49. f5 Qg5 50. d5 b3 51. axb3 axb3 52. Qg6+ Qxg6 53. fxg6+ Kxg6 54. d6 b2 55. d7 b1=Q 56. d8=Q Qe4+ 57. Kg1 h5 58. Kf2 Qf5+ 59. Kg2 Qg5 60. Qe8+ Kh7 1/2-1/2

[Event "Chicago op"]
[Site "Wheeling USA"]
[Date "2010.05.30"]
[Round "6"]
[White "Molner, Mackenzie"]
[Black "Kaufman, Raymond"]
[Result "1/2-1/2"]
[WhiteElo "2439"]
[BlackElo "2286"]
[PlyCount "58"]
[GameId "2129405078798757"]
[EventDate "2010.05.27"]
[EventType "swiss"]
[EventRounds "9"]
[EventCountry "USA"]
[SourceTitle "The Week in Chess 812"]
[Source "Mark Crowther"]
[SourceDate "2010.05.31"]
[SourceVersion "1"]
[SourceVersionDate "2010.05.30"]
[SourceQuality "2"]

1. e4 c5 2. Nf3 d6 3. d4 cxd4 4. Nxd4 Nf6 5. Nc3 g6 6. Be3 a6 7. f3 Bg7 8. g4 b5 9. g5 Nh5 10. a4 bxa4 11. Nxa4 Nd7 12. Qd2 Bb7 13. Nb3 O-O 14. Na5 Qc7 15. Be2 Nc5 16. O-O Rab8 17. Nxc5 dxc5 18. Nc4 Ng3 19. Rf2 Nxe2+ 20. Rxe2 f5 21. Bf4 Bd4+ 22. Kg2 e5 23. Bg3 fxe4 24. fxe4 Qf7 25. Qd3 Rbd8 26. Qb3 Bd5 27. exd5 Qxd5+ 28. Kh3 Qe6+ 29. Kg2 Qd5+ 1/2-1/2

[Event "Chicago op"]
[Site "Wheeling USA"]
[Date "2010.05.31"]
[Round "8"]
[White "Stocek, Jiri"]
[Black "Kaufman, Raymond"]
[Result "1-0"]
[WhiteElo "2593"]
[BlackElo "2286"]
[PlyCount "92"]
[GameId "2129405078811083"]
[EventDate "2010.05.27"]
[EventType "swiss"]
[EventRounds "9"]
[EventCountry "USA"]
[SourceTitle "The Week in Chess 813"]
[Source "Mark Crowther"]
[SourceDate "2010.06.07"]
[SourceVersion "1"]
[SourceVersionDate "2010.06.07"]
[SourceQuality "2"]

1. d4 Nf6 2. Nf3 d5 3. c4 e6 4. Nc3 dxc4 5. e4 Bb4 6. Qc2 c5 7. dxc5 Qa5 8. Bxc4 Qxc5 9. Bd3 Nc6 10. O-O O-O 11. h3 Bxc3 12. bxc3 Qh5 13. Nd4 e5 14. Nf5 Bxf5 15. exf5 Rac8 16. Qe2 Qxe2 17. Bxe2 Ne4 18. Ba3 Rfd8 19. Rfc1 Rd2 20. Bf3 Nxf2 21. Rf1 e4 22. Rxf2 Rxf2 23. Kxf2 exf3 24. Kxf3 f6 25. Rd1 Ne5+ 26. Ke4 Kf7 27. Bb4 b6 28. g4 a5 29. Bd6 Nc4 30. Bg3 Re8+ 31. Kf4 Re3 32. Rd7+ Kf8 33. Rc7 Rxc3 34. Bf2 g5+ 35. fxg6 hxg6 36. g5 f5 37. h4 Rc1 38. a4 Rc2 39. Bd4 Rc1 40. h5 Rf1+ 41. Kg3 Nd6 42. hxg6 Rd1 43. Bxb6 Ne4+ 44. Kf4 Rf1+ 45. Ke5 Nxg5 46. Bxa5 f4 1-0

[Event "Caissa IM"]
[Site "Kecskemet HUN"]
[Date "2010.08.25"]
[Round "5"]
[White "Grigoryan Lyell, Meri"]
[Black "Kaufman, Raymond"]
[Result "0-1"]
[WhiteElo "2099"]
[BlackElo "2333"]
[PlyCount "108"]
[GameId "2129405080823065"]
[EventDate "2010.01.16"]
[EventType "tourn"]
[EventRounds "9"]
[EventCountry "HUN"]
[EventCategory "1"]

1. d4 Nf6 2. c4 g6 3. Nc3 Bg7 4. e4 d6 5. Nf3 O-O 6. Be2 Na6 7. O-O e5 8. d5 Nc5 9. Qc2 a5 10. Be3 Nfd7 11. Bg5 f6 12. Bh4 h5 13. h3 Rf7 14. Nd2 Bh6 15. g4 hxg4 16. hxg4 Rh7 17. Bg3 f5 18. gxf5 gxf5 19. exf5 Nf6 20. Nb3 b6 21. Nxc5 bxc5 22. Kg2 Bb7 23. Bf3 Qd7 24. Rh1 Kh8 25. Rh2 Rg8 26. Rah1 Qg7 27. Kf1 Bc8 28. Bh5 Nxh5 29. Rxh5 Rf8 30. Bh4 Qg4 31. Be7 Bxf5 32. Qd1 Qxc4+ 33. Ne2 Rxe7 34. Rxh6+ Bh7 35. R1h4 Rf4 36. b3 Rxh4 37. Rxh7+ Rexh7 38. bxc4 Rh1+ 39. Ng1 Rg7 40. Qa4 Rhxg1+ 41. Ke2 Rf7 42. Qxa5 Kg7 43. Qc3 Rg2 44. Qa5 Rgxf2+ 45. Ke3 R2f3+ 46. Ke2 e4 47. a4 Rb3 48. Qe1 e3 49. Qd1 Rc3 50. Ke1 Rxc4 51. Qh5 Re4 52. Qg5+ Kf8 53. Qh6+ Ke7 54. Qg5+ Kd7 0-1

[Event "USA-Tch Amateur East"]
[Site "Parsipanny USA"]
[Date "2009.02.16"]
[Round "6"]
[White "Kaufman, Raymond"]
[Black "Hulse, Brian"]
[Result "1-0"]
[WhiteElo "2308"]
[BlackElo "2225"]
[PlyCount "75"]
[GameId "2129405089231862"]
[EventDate "2009.02.14"]
[EventType "team"]
[EventRounds "6"]
[EventCountry "USA"]
[SourceTitle "The Week in Chess 749"]
[Source "Mark Crowther"]
[SourceDate "2009.03.16"]
[SourceVersion "2"]
[SourceVersionDate "2009.03.17"]
[SourceQuality "2"]

1. d4 Nf6 2. c4 e6 3. Nf3 b6 4. g3 Ba6 5. b3 d5 6. cxd5 exd5 7. Bg2 Be7 8. O-O O-O 9. Nc3 Re8 10. Ne5 c6 11. Bf4 Bb7 12. Rc1 Nfd7 13. e4 Nxe5 14. Bxe5 f6 15. Bf4 g5 16. Bxb8 Rxb8 17. exd5 cxd5 18. Qf3 Qd6 19. Qf5 Rbd8 20. Rfe1 Qd7 21. Qxd7 Rxd7 22. Nb5 g4 23. Rc7 Bc8 24. Rxd7 Bxd7 25. Nc7 Rc8 26. Rxe7 Rxc7 27. Bxd5+ Kf8 28. Rf7+ Ke8 29. Rxf6 Rc1+ 30. Kg2 Bb5 31. h4 Bf1+ 32. Kh2 Ke7 33. Rf4 Kd6 34. Be4 Be2 35. Rf6+ Ke7 36. Rh6 Bf3 37. Bxf3 gxf3 38. g4 1-0

[Event "Prague op A"]
[Site "Prague CZE"]
[Date "2009.01.10"]
[Round "2"]
[White "Kaplan, Daniel"]
[Black "Kaufman, Raymond"]
[Result "1/2-1/2"]
[WhiteElo "2131"]
[BlackElo "2308"]
[PlyCount "77"]
[GameId "2129405089845759"]
[EventDate "2009.01.09"]
[EventType "swiss"]
[EventRounds "9"]
[EventCountry "CZE"]
[SourceTitle "The Week in Chess 742"]
[Source "Mark Crowther"]
[SourceDate "2009.01.26"]
[SourceVersion "1"]
[SourceVersionDate "2009.01.26"]
[SourceQuality "2"]

1. e4 c5 2. Nf3 e6 3. d4 cxd4 4. Nxd4 a6 5. Bd3 Qc7 6. O-O Nf6 7. Nc3 b5 8. a3 Bc5 9. Nb3 Be7 10. f4 d6 11. Be3 Bb7 12. Qe2 Nbd7 13. Rae1 Rc8 14. Bc1 Nc5 15. Nxc5 dxc5 16. e5 c4 17. exf6 cxd3 18. fxg7 Rg8 19. cxd3 Rxg7 20. Ne4 Bh4 21. g3 Be7 22. Be3 Qc2 23. Qxc2 Rxc2 24. Rf2 Rxf2 25. Kxf2 f5 26. Bd4 Rg8 27. Ng5 Bxg5 28. fxg5 Kd7 29. h4 Bd5 30. Rc1 Kd6 31. Bc5+ Kd7 32. Bd4 Kd6 33. Bc5+ Kd7 34. d4 Rc8 35. Ke3 Ke8 36. Kf4 Kf7 37. Rf1 h5 38. gxh6 Rg8 39. Rg1 1/2-1/2

[Event "Prague op A"]
[Site "Prague CZE"]
[Date "2009.01.11"]
[Round "3"]
[White "Kaufman, Raymond"]
[Black "Hantak, Adam"]
[Result "1/2-1/2"]
[WhiteElo "2308"]
[BlackElo "2112"]
[PlyCount "51"]
[GameId "2129405089845775"]
[EventDate "2009.01.09"]
[EventType "swiss"]
[EventRounds "9"]
[EventCountry "CZE"]
[SourceTitle "The Week in Chess 742"]
[Source "Mark Crowther"]
[SourceDate "2009.01.26"]
[SourceVersion "1"]
[SourceVersionDate "2009.01.26"]
[SourceQuality "2"]

1. d4 d6 2. e4 Nf6 3. Nc3 g6 4. Nf3 Bg7 5. Be3 c6 6. h3 Nbd7 7. a4 Qa5 8. Qd2 O-O 9. Rd1 e5 10. dxe5 Nxe5 11. Be2 Be6 12. Nd4 Nc4 13. Bxc4 Bxc4 14. f3 d5 15. b3 Ba6 16. exd5 Rfe8 17. Kf2 Rad8 18. Rhe1 Nxd5 19. Nxd5 Qxd5 20. Ne2 Qe5 21. Qc1 Rxd1 22. Rxd1 Bxe2 23. Kxe2 Bh6 24. Rd3 f5 25. Kf2 Bxe3+ 26. Qxe3 1/2-1/2

[Event "Prague op A"]
[Site "Prague CZE"]
[Date "2009.01.12"]
[Round "4"]
[White "Minina, Veronika"]
[Black "Kaufman, Raymond"]
[Result "1-0"]
[WhiteElo "2125"]
[BlackElo "2308"]
[PlyCount "81"]
[GameId "2129405089853989"]
[EventDate "2009.01.09"]
[EventType "swiss"]
[EventRounds "9"]
[EventCountry "CZE"]
[SourceTitle "The Week in Chess 742"]
[Source "Mark Crowther"]
[SourceDate "2009.01.26"]
[SourceVersion "1"]
[SourceVersionDate "2009.01.26"]
[SourceQuality "2"]

1. Nf3 c5 2. g3 Nc6 3. c4 g6 4. Bg2 Bg7 5. O-O d6 6. Nc3 e5 7. a3 Nge7 8. Rb1 a5 9. d3 O-O 10. Ne1 Be6 11. Nc2 d5 12. b3 d4 13. Nb5 Qd7 14. Bh1 Rae8 15. b4 b6 16. Re1 h6 17. e3 f5 18. bxc5 bxc5 19. exd4 cxd4 20. f4 e4 21. dxe4 fxe4 22. Bxe4 Bxc4 23. Bd3 Bd5 24. Bb2 Nf5 25. Qg4 Qf7 26. Rbd1 h5 27. Qh3 Bf3 28. Qf1 Bd5 29. Bxf5 Qxf5 30. Ncxd4 Nxd4 31. Bxd4 Rxe1 32. Rxe1 Bc6 33. Qc4+ Bd5 34. Qe2 Bh6 35. Nd6 Qh3 36. Ne8 Qf5 37. Qe7 Qc2 38. Qe2 Qf5 39. Qb2 h4 40. Nf6+ Kf7 41. g4 1-0